书目信息 |
| 题名: |
卫生间的设计布局与洁具配套
|
|
| 作者: | 赵冠谦 , 赵从旭 主编 | |
| 分册: | ||
| 出版信息: | 武汉 中国建材工业出版社 1997.01 |
|
| 页数: | 112页 | |
| 开本: | 16开 | |
| 丛书名: | ||
| 单 册: | ||
| 中图分类: | TU241 | |
| 科图分类: | ||
| 主题词: | 民用建筑--建筑设计 | |
| 电子资源: | ||
| ISBN: | 7-80090-319-2 | |
| 000 | 00649nam0 2200205 45 | |
| 001 | 0007221002 | |
| 005 | 20000722101455.5 | |
| 010 | @a7-80090-319-2@d98.00元 | |
| 100 | @a20000722d1997 km y0chiy0120 ea | |
| 101 | 0 | @achi |
| 105 | @a z 000yy | |
| 200 | 1 | @a卫生间的设计布局与洁具配套@AWei Sheng Jian De She Ji Bu Ju Yu Jie Ju Pei Tao@f赵冠谦,赵从旭主编@FZhao Guan Qian,Zhao Cong Xu Zhu Bian |
| 210 | @a武汉@c中国建材工业出版社@d1997.01 | |
| 215 | @a112页@d16开 | |
| 606 | 0 | @a民用建筑@x建筑设计 |
| 690 | @aTU241@v3 | |
| 701 | 0 | @a赵冠谦@4主编 |
| 701 | 0 | @a赵从旭@4主编 |
| 801 | @aCN@bPftUser@c20000722 | |
| 905 | @b74711-712@dTU241@eZH699@f2 | |
| 卫生间的设计布局与洁具配套/赵冠谦,赵从旭主编.-武汉:中国建材工业出版社,1997.01 |
| 112页;16开 |
| ISBN 7-80090-319-2:98.00元 |
| ● |
| 相关链接 |
|
|
|
正题名:卫生间的设计布局与洁具配套
索取号:TU241/ZH699
 
预约/预借
| 序号 | 登录号 | 条形码 | 馆藏地/架位号 | 状态 | 备注 |
| 1 | 74711 | 200747111 | 建筑库101/101建筑库 59排5列1层/ [索取号:TU241/ZH699] | 在馆 | |
| 2 | 74712 | 200747120 | 建筑库101/101建筑库 59排5列1层/ [索取号:TU241/ZH699] | 在馆 |